| 000 | 00368nam a2200157Ia 4500 | ||
|---|---|---|---|
| 008 | 230524s9999 xx 000 0 und d | ||
| 082 |
_a621.3192 _bUPP |
||
| 100 | _aS.L.Uppal | ||
| 245 | 0 | _aElectrical Power | |
| 250 | _a13TH | ||
| 260 |
_aNEW DELHI _bKhanna _c2005 |
||
| 300 | _aXIII;1740+32 | ||
| 500 | _aQuantity Number: 27 | ||
| 650 | _aElectrical | ||
| 942 | _cBK | ||
| 999 |
_c8767 _d8767 |
||